UBT Library

J'AI OUBLIE DE VOUS DIRE (Record no. 59874)

000 -LEADER
fixed length control field 00315nam a22001457a 4500
008 - FIXED-LENGTH DATA ELEMENTS--GENERAL INFORMATION
fixed length control field 230530b ||||| |||| 00| 0 eng d
020 ## - INTERNATIONAL STANDARD BOOK NUMBER
International Standard Book Number 9782845631588
041 ## - LANGUAGE CODE
Language code of text/sound track or separate title FRA
080 ## - UNIVERSAL DECIMAL CLASSIFICATION NUMBER
Universal Decimal Classification number 82
082 ## - DEWEY DECIMAL CLASSIFICATION NUMBER
Classification number 82BRI
100 ## - Rafti
Rafti 38
101 ## - Shkurtesa
Shkurtesa GJL
245 ## - TITLE STATEMENT
Title J'AI OUBLIE DE VOUS DIRE
Statement of responsibility, etc BRIALY C J
942 ## - ADDED ENTRY ELEMENTS (KOHA)
Source of classification or shelving scheme
Item type Books
Holdings
Withdrawn status Lost status Source of classification or shelving scheme Damaged status Not for loan Collection code Permanent location Current location Date acquired Total Checkouts Full call number Barcode Date last seen Price effective from Koha item type
          Koleksioni i përgjithshem UBT - Lipjan UBT - Lipjan 05/30/2023   82BRI 002-800080438 05/30/2023 05/30/2023 Books
UBT Library © 2015-2024. All rights reserved University Education for Business and Technology